| 000 | 01135nam0a22002891 4500 | ||
|---|---|---|---|
| 001 | rc\3939448 | ||
| 005 | 20130415113834.0 | ||
| 035 | _a(NLR Aleph) 007919129 | ||
| 090 |
_a8146442 _c8146442 |
||
| 100 | _a20130415d1955 |||y0rusy50 ca | ||
| 101 | 0 | _arus | |
| 102 | _aRU | ||
| 105 | _aa z ||||| | ||
| 200 | 1 |
_aТормозные механизмы _fМ-во автомоб., тракторного и с.-х. машиностроения СССР. Особая автомоб. лаборатория при НАМИ |
|
| 210 |
_aМосква _cМашгиз _d1955 |
||
| 215 |
_a168 с. _cчерт. _d22 |
||
| 225 | 1 |
_aМетоды испытания автомобиля и его механизмов _vВып. 6 |
|
| 300 | _aПеред загл. авт.: Л.А. Егоров, Ю.Б. Иванов, В.Г. Розанов | ||
| 320 | _aБиблиогр.: с. 167 | ||
| 700 | 1 |
_aЕгоров _bЛ. А. _gЛеонид Андрианович |
|
| 701 | 1 |
_aИванов _bЮ. Б. |
|
| 701 | 1 |
_aРозанов _bВ. Г. |
|
| 801 | 0 |
_aRU _bNLR _gpsbo |
|
| 801 | 1 |
_aRU _bELAR _2rusmarc |
|
| 852 |
_aNLR _jП10/1003 |
||
| 942 | _cBOOK | ||
| 980 | _aNB | ||